Language Quiz

Random Language or Song Quiz

Word Hourglass XV Quiz Stats

 Plays Quiz Updated Jun 24, 2018

Also try: Word Hourglass XIV
Challenge
Share
Tweet
Embed
Score 0/9 Timer 01:30
2 Plays Today
Clue Word % Correct
This is the NYSE symbol for AT&TT
100%
Stephen King novel with a scary clown named PennywiseIT
96.4%
Use a chaise loungeSIT
93.6%
Period at the end of a tie gameOT
90.7%
Very, very attractiveHOT
90.4%
Throw a party at your homeHOST
82.6%
When you're stable and calm you have these about youWITS
80.3%
'[Top of hourglass] and [Bottom of hourglass]': Song covered by the Beatles and Isley BrothersTWIST
48.4%
'[Top of hourglass] and [Bottom of hourglass]': Song covered by the Beatles and Isley BrothersSHOUT
46.9%

You're not logged in!

Compare scores with friends on all Sporcle quizzes.
OR
Log In

You Might Also Like...

Show Comments

Extras

Top Quizzes Today


Score Distribution

Your Account Isn't Verified!

In order to create a playlist on Sporcle, you need to verify the email address you used during registration. Go to your Sporcle Settings to finish the process.

Report this User

Report this user for behavior that violates our Community Guidelines.

Details: